ბათუმის შოთა რუსთაველის სახელმწიფო უნივერსიტეტის ბიბლიოთეკა

რჩეული ბიოგრაფიები. წ. 2 / (ბიბ.ჩანაწერი № 59848)

000 -ლიდერი
ფიქსირებული სიგრძის საკონტროლო ველი 01431nam a22002417a 4500
003 - საკონტროლო ნომრის იდენტიფიკატორი
საკონტროლო ველი Ge_BSU
005 - ბოლო ოპერაციის თარიღი და დრო
საკონტროლო ველი 20230428105246.0
008 - ფიქსირებული სიგრძის მონაცემთა ელემენტები - ზოგადი ინფორმაცია
ფიქსირებული სიგრძის საკონტროლო ველი 230428s1987 ge ||||| |||| 00| 0 geo d
041 ## - ენის კოდი
Language code of text/sound track or separate title geo
080 ## - უნივერსალური ათობითი კლასიფიკაციის ინდექსი
Universal Decimal Classification number 94(37)(092) პ-46
100 ## - მთავარი ჩანაწერი - პიროვნების სახელი
Personal name პლუტარქე
9 (RLIN) 16068
245 ## - ცნობა სათაურის შესახებ
Title რჩეული ბიოგრაფიები. წ. 2 /
Statement of responsibility, etc პლუტარქე ; ძვ. ბერძნ. თარგმ., შესავალი წერილი და განმარტებები დაურთო აკაკი ურუშაძემ; რედ. თ. ყაუხჩიშვილი.
264 ## - წარმოების, გამოცემის, დისტრიბუციის და სხვა ცნობები
გამოცემის, წარმოების, დისტრიბუციის... ადგილი თბილისი,
გამოცემის, წარმოების, დისტრიბუციის... სახელწოდება თბილ. უნ-ტის გამ-ბა,
გამოცემის, წარმოების, დისტრიბუციის... თარიღი 1987.
300 ## - ფიზიკური აღწერა
Extent 431 გვ.;
Other physical details 20 სმ.
500 ## - ზოგადი შენიშვნა
General note შენიშვნები: გვ. 405-430.
501 ## - შენიშვნა თანმხლებ მასალაზე
With note პარალ. სათაური რუს. და ფრანგ. ენ.
653 ## - INDEX TERM--UNCONTROLLED
Uncontrolled term ძველი რომაელი ისტორიული მოღვაწეები
653 ## - INDEX TERM--UNCONTROLLED
Uncontrolled term ძველი ბერძენი ისტორიული მოღვაწეები
653 ## - INDEX TERM--UNCONTROLLED
Uncontrolled term თარგმანები ქართულ ენაზე
700 ## - ADDED ENTRY--PERSONAL NAME
Personal name ყაუხჩიშვილი, თ.
Relator term რედაქტორი.
9 (RLIN) 17649
700 ## - ADDED ENTRY--PERSONAL NAME
Personal name ურუშაძე, აკაკი
Relator term მთარგმნელი.
9 (RLIN) 17854
942 ## - ADDED ENTRY ELEMENTS (KOHA)
Source of classification or shelving scheme
Koha item type წიგნი
ეგზემპლარები
ჩამოწერის სტატუსი დაკარგული ეგზემპლარის სტატუსი კლასიფიკაციის წყარო ან თაროზე გაწყობის სქემა დაზიანების სტატუსი არ გაიცემა მუდმივი მდებარეობა (დაცვის ადგილი) ამჟამინდელი ადგილსამყოფელი თაროზე განთავსების ადგილი შეძენის თარიღი ღირებულება, შესყიდვის ნორმალური ფასი სრული შენახვის შიფრი შტრიხკოდი ბოლო ოპერაციის თარიღი ეგზემპლარის მიმდევრობითი ნომერი (კეტერი?) Uniform Resource Identifier ფასის ძალაში შესვლის თარიღი ეგზემპლარის სახეობა საჯარო შენიშვნა
          ბათუმის შოთა რუსთაველის სახელმწიფო უნივერსიტეტის მთავარი ბიბლიოთეკა ბათუმის შოთა რუსთაველის სახელმწიფო უნივერსიტეტის მთავარი ბიბლიოთეკა წიგნსაცავი 2023-04-28 6.00 94(37)(092) პ-46 64302 2023-04-28 64302 ბსუ-ს საპატიო დოქტორის გურამ ლორთქიფანიძის საჩუქარი 2023-04-28 წიგნი 6 ლ.